Karpatský euroregión čaká na jasné slovo Slovenska

Význam euroregiónov - 150 v západnej Európe, podpora prihraničnej spolupráce. Karpatský euroregión - zoskupenie prihraničných oblastí Slovenska, Maďarska, Poľska, Rumunska, Ukrajiny, mapa, plocha, obyvateľstvo, riadenie radou. Hospodárska situácia oblastí. Nevýrazná ekonomická spolupráca, príčiny. P...

ver descrição completa

Na minha lista:
Detalhes bibliográficos
Autor principal: Matejovič, R.
Formato: Capítulo de Livro
Idioma:eslovaco
Assuntos:
Tags: Adicionar Tag
Sem tags, seja o primeiro a adicionar uma tag!

MARC

LEADER 00000naa a2200000 4500
001 r024433
005 20221205091143.8
041 0 |a slo 
044 |a SK 
245 1 0 |a Karpatský euroregión čaká na jasné slovo Slovenska  |c R. Matejovič 
520 |a Význam euroregiónov - 150 v západnej Európe, podpora prihraničnej spolupráce. Karpatský euroregión - zoskupenie prihraničných oblastí Slovenska, Maďarska, Poľska, Rumunska, Ukrajiny, mapa, plocha, obyvateľstvo, riadenie radou. Hospodárska situácia oblastí. Nevýrazná ekonomická spolupráca, príčiny. Podpora zo zahraničia (USA), nadácie domáce i z cudziny. 
610 2 0 |a Karpatský euroregión 
610 2 0 |a spolupráca hospodárska medzinárodná 
610 2 0 |a pohraničie 
610 2 0 |a euroregióny 
610 2 0 |a rozvoj hospodársky 
610 2 0 |a nadácie 
610 2 0 |a pomoc zahraničná 
610 2 0 |a Slovensko 
610 2 0 |a Maďarsko 
610 2 0 |a Poľsko 
610 2 0 |a Rumunsko 
610 2 0 |a Ukrajina 
100 1 |a Matejovič, R.